000 00642nam a2200193 i 4500
001 140006
003 ES-MaACL
005 20251003152042.0
007 t|
008 070214s1922 sp r ||||1| spa d
100 1 _aSchrader, Franz (
_d1844-1924)
_9154257
245 1 0 _aAtlas classique de Géographie ancienne et moderne /
_cFrançois Schrader, L. Gallodinec.
250 _anouvelle edition conforme aux traités de paix de 1919-1920.
260 _aParis :
_bLahure,
_c1922.
300 _aVIII lám ;
_c33 cm +
_e92 map.
700 1 _aGallouédec, Louis,
_d1864-1937
_9154265
852 _aES-MaACL
_jF-15030
999 _c140006
_d140006